00338 2200145 4500001002100000005001500021035002000036245005400056100001800110300001100128260001900139082000800158084001400166990001200180INLIS00000000000208720250527095726 a0010-05250003791 aRadio D. Buku Krusus Bhs. Jerman /cHerrad Meese0 aHerrad Meese a201hlm bKatalis,c2005 a430 a430 HER r a0713312